| 000 | 01235nam a2200181Ia 4500 | ||
|---|---|---|---|
| 008 | 220216s9999 xx 000 0 und d | ||
| 100 | _aZopf Christoph | ||
| 245 | 0 | _aConstitutive description of green rubber material for forming simulation | |
| 260 |
_bKautschuk Gummi Kunststoffe _c2013 |
||
| 300 | _a32-35 | ||
| 520 | _aThe aim of the authors work is the desciption of rubber forming and production processes. During the manufacturing of rubber based products, the elastomeric material is formed under high pressure and temperature and, subsequently, the rubber product has its required and final features. In this paper, the characterisation and mechanical description of the uncured polymeric material is shown in order to simulate a forming process using the Finite Element Method (FEM). Therefore, extensive material tests have to be conducted and a constitutive description needs to be developed and implemented into a FEM code. Finally, first FEM forming simulations are carried out and the quality of the simulation results has to be validated. | ||
| 650 | _aConstitutive modeling | ||
| 650 | _aFinite analysis | ||
| 650 | _aForming simulation | ||
| 650 | _aUncured rubber | ||
| 700 | _aKaliske Michael | ||
| 942 | _cJS | ||
| 999 |
_c56192 _d56192 |
||